Logo BPK

Biblioteka

Politechniki Koszalińskiej

Kodeks cywilny ze skorowidzem ; Kodeks postępowania cywilnego ze skorowidzem ; Kodeks rodzinny i opiekuńczy oraz ; Prawo prywatne międzynarodowe ; Ustawa o księgach wieczystych i hipotece. (Rekord nr 39491)

Szczegóły MARC
000 -ETYKIETA REKORDU
podpole kontrolne o stałej długości 01075nam a2200253 i 4500
001 - NUMER KONTROLNY REKORDU
pole kontrolne bg
020 ## - MIĘDZYNARODOWY ZNORMALIZOWANY NUMER KSIĄŻKI - ISBN
ISBN 8388445146
040 ## - ŹRÓDŁO KATALOGOWANIA
Instytucja, która utworzyła rekord BPK
041 0# - KOD JĘZYKA
Kod języka tekstu pl
080 ## - UNIWERSALNA KLASYFIKACJA DZIESIĘTNA - UKD
UKD 347(438):341.9](094.4)
920 ## - Międzynarodowy znormalizowany numer książki – ISBN
ISBN 83-88445-14-6
008 - POLE O STAŁEJ DŁUGOŚCI - DANE KONTROLNE
podpole kontrolne o stałej długości s pl f |000 0 pol
245 00 - TYTUŁ/ODPOWIEDZIALNOŚĆ
Tytuł Kodeks cywilny ze skorowidzem ; Kodeks postępowania cywilnego ze skorowidzem ; Kodeks rodzinny i opiekuńczy oraz ; Prawo prywatne międzynarodowe ; Ustawa o księgach wieczystych i hipotece.
250 ## - STREFA WYDANIA
Oznaczenie wydania Stan prawny na dzień 31 października 2000 r. z uwzgl. zmian wchodzącycych w życie 9 grudnia 2000 r. i 1 stycznia 2001 r.
260 ## - STREFA ADRESU WYDAWNICZEGO
Miejsce wydania Gdańsk :
Nazwa wydawcy/dystrybutora "ARCHE",
Data publikacji, dystrybucji/powstania dokumentu 2000.
300 ## - STREFA OPISU FIZYCZNEGO
Objętość 576 s. ;
Rozmiary 24 cm.
500 ## - UWAGI OGÓLNE
Tekst uwagi Tyt. okł. : Kodeks cywilny. Kodeks postępowania cywilnego. Kodeks rodzinny i opiekuńczy.
504 ## - UWAGA DOTYCZĄCA BIBLIOGRAFII
Informacje o bibliografii Indeksy.
650 #9 - HASŁO PRZEDMIOTOWE W FORMIE NAZWY OGÓLNEJ LUB JEDNOSTKOWEJ
Nazwa ogólna lub geograficzna Hipoteka
Określnik ogólny prawo
Określnik geograficzny Polska
Określnik chronologiczny stan na 2000 r.
650 #9 - HASŁO PRZEDMIOTOWE W FORMIE NAZWY OGÓLNEJ LUB JEDNOSTKOWEJ
Nazwa ogólna lub geograficzna Postępowanie cywilne
Określnik geograficzny Polska
Określnik chronologiczny stan na 2000 r.
650 #9 - HASŁO PRZEDMIOTOWE W FORMIE NAZWY OGÓLNEJ LUB JEDNOSTKOWEJ
Nazwa ogólna lub geograficzna Prawo cywilne
Określnik geograficzny Polska
Określnik chronologiczny stan na 2000 r.
650 #9 - HASŁO PRZEDMIOTOWE W FORMIE NAZWY OGÓLNEJ LUB JEDNOSTKOWEJ
Nazwa ogólna lub geograficzna Prawo prywatne międzynarodowe
Określnik chronologiczny stan na 2000 r.
856 ## - LOKALIZACJA I DOSTĘP DO ELEKTRONICZNYCH DOKUMENTÓW ZDALNYCH
Link (URL) http://koha.tu.koszalin.pl/cgi-bin/koha/opac-detail.pl?biblionumber=39491
Tekst linku Katalog online BPK
942 ## - DODATKOWE ELEMENTY (KOHA)
Typ dokumentu Książka
Egzemplarze
Wycofany Status egzemplarza Uszkodzony Dostępność Lokalizacja stała Lokalizacja bieżąca Miejsce przechowywania Sygnatura Kod kreskowy Typ dokumentu
      Dostępny Biblioteka Politechniki Koszalińskiej Biblioteka Politechniki Koszalińskiej Wypożyczalnia BG 58918 01554496 Książka
© 2023 Biblioteka Politechniki Koszalińskiej :: KOHA